|
|
|
|
| LEADER |
00000nam2a2200000 4500 |
| 001 |
356000 |
| 005 |
20231102010842.0 |
| 035 |
|
|
|a (RuTPU)RU\TPU\retro\13260
|
| 035 |
|
|
|a RU\TPU\retro\13140
|
| 090 |
|
|
|a 356000
|
| 100 |
|
|
|a 20200714d1974 k y0rusy50 ca
|
| 101 |
0 |
|
|a rus
|
| 102 |
|
|
|a RU
|
| 105 |
|
|
|a a z 001zy
|
| 200 |
1 |
|
|a Производство алюминия
|f под ред. Н. А. Калужского
|
| 210 |
|
|
|d 1974
|
| 215 |
|
|
|a 148 с.
|c ил.
|
| 320 |
|
|
|a Библиогр. в конце ст.
|
| 461 |
|
1 |
|0 (RuTPU)RU\TPU\retro\9781
|t Труды Всесоюзного научно-исследовательского алюминиево-магниевого института ВАМИ
|v № 89
|d 1937-
|
| 606 |
1 |
|
|a Алюминий
|x Производство
|2 stltpush
|3 (RuTPU)RU\TPU\subj\21958
|9 46865
|
| 610 |
1 |
|
|a гидродинамика
|
| 610 |
1 |
|
|a электролизеры
|
| 610 |
1 |
|
|a математическое описание
|
| 610 |
1 |
|
|a теплообмен
|
| 610 |
1 |
|
|a расчеты
|
| 610 |
1 |
|
|a экономические показатели
|
| 610 |
1 |
|
|a кварциты
|
| 610 |
1 |
|
|a месторождение Метчанг-Ярви
|
| 610 |
1 |
|
|a окиси алюминия
|
| 610 |
1 |
|
|a газоочистка
|
| 610 |
1 |
|
|a себестоимость
|
| 610 |
1 |
|
|a катодная поляризация
|
| 610 |
1 |
|
|a восстановление
|
| 675 |
|
|
|a 669.715
|v 4
|
| 702 |
|
1 |
|a Калужский
|b Н. А.
|4 340
|
| 801 |
|
1 |
|a RU
|b 63413507
|c 20160708
|
| 801 |
|
2 |
|a RU
|b 63413507
|c 20200714
|g RCR
|
| 942 |
|
|
|c BK
|